Score 0/15 Timer 01:00
2 Plays Today
Hint Answer % Correct
Snow White dwarfSleepy, Sneezy
89.7%
PlanetSaturn
88.9%
Pittsburgh NFL teamSteelers
82.8%
Hamlet playwrightShakespeare
81.5%
Playing card suitSpades
81.1%
Nation of Great BritainScotland
75.4%
Orchestra sectionString
74.5%
Original Star Trek Vulcan (or half-Vulcan)Spock
68.4%
Hint Answer % Correct
Canal built by de LessepsSuez
63.7%
Singing chipmunkSimon
60.9%
Deadly sinSloth
60.7%
South American countrySuriname
57.6%
Keanu Reeves movieSpeed, Siberia
55.7%
12 days of Christmas birdSwan
54.5%
French for SevenSept
51.8%

You're not logged in!

Compare scores with friends on all Sporcle quizzes.
OR
Log In

Sporcle TV

Today on Sporcle TV


Watch our educational content, quiz creation guides, and fun videos on Sporcle TV.

Show Comments

Extras

Top Quizzes Today


Score Distribution

Paid Content

Your Account Isn't Verified!

In order to create a playlist on Sporcle, you need to verify the email address you used during registration. Go to your Sporcle Settings to finish the process.

Report this User

Report this user for behavior that violates our Community Guidelines.

Details: